[Event "World Chess Trophy 2018"]
[Site "Tenerife"]
[Date "2018.06.17"]
[Round "1"]
[White "Cacciola, Alfredo"]
[Black "Kovacs, Zoltan"]
[Result "1/2-1/2"]
[WhiteElo "2219"]
[BlackElo "2146"]
[Annotator "NA"]
[PlyCount "55"]
[EventDate "2018.06.17"]
[EventType "swiss"]
[EventCountry "ESP"]
[SourceTitle "playchess.com"]
[Source "ChessBase"]
[SourceQuality "1"]
[TimeControl "5400+30"]

{[%evp 8,55,7,0,0,0,17,-19,-15,32767,32767,2,11,32767,18,26,11,31,44,31,66,80,61,73,357,368,321,391,406,142,172,127,158,60,55,17,16,20,32767,34,30,30,30,6,12,0,2,0,0,-9]} 1. e4 {[%emt 0:00:00]} e6 {[%emt 0:00:06]} 2. d4 {[%emt 0:00:00]} d5 {[%emt 0:00:06]} 3. Nc3 {[%emt 0:00:00]} Bb4 {[%emt 0:00:32]} 4. e5 {[%emt 0:00:05]} Ne7 {[%emt 0:00:21]} 5. a3 {[%emt 0:00:10]} Bxc3+ {[%emt 0:00:08]} 6. bxc3 {[%emt 1:32:45]} c5 {[%emt 0:00:06]} 7. h4 {[%emt 0:00:37] LiveBook: 799 Games} Qa5 {[%emt 0:06:11]} 8. Bd2 {[%emt 0:00:31]} Qa4 {[%emt 0:00:31]} 9. Qb1 {[%emt 0:01:20] C18: French: 3 Nc3 Bb4: Main line: 7 h4 and 7 Qg4} (9. h5 Nbc6 10. h6 gxh6 11. Nf3 cxd4 12. cxd4 Nxd4 13. Bd3 Nec6 14. Rb1 Rg8 15. Kf1 Nxf3 16. gxf3 b6 {0-1 (27) Sutovsky,E (2642)-Ivanchuk,V (2720) Ashdod 2015}) 9... a6 {[%emt 1:26:59]} 10. Qb3 {[%emt 0:09:43]} Qxb3 {[%emt 0:02:00]} 11. cxb3 {[%emt 0:00:06]} Nbc6 {[%emt 0:05:46]} 12. Nf3 {[%emt 0:23:36]} cxd4 {[%emt 0:03:35]} 13. cxd4 {[%emt 0:00:06]} f6 $146 {[%emt 0:08:40]} ({Predecessor:} 13... Nf5 14. Bc3 h5 15. a4 O-O 16. Bd3 Bd7 {½-½ (43) Staniszewski,P (2415)-Morkisz,B (2220) Katowice 1995}) 14. h5 {[%emt 0:10:50]} Nf5 {[%emt 0:09:25]} 15. h6 {[%emt 0:07:28]} Ncxd4 $2 {[%emt 0:06:56]} (15... g6 $14) 16. Nxd4 {[%emt 0:01:25]} Nxd4 {[%emt 0:00:05]} 17. hxg7 {[%emt 0:01:06]} Rg8 {[%emt 0:00:07]} 18. Rc1 {[%emt 0:03:46]} (18. exf6 $18 Nc2+ 19. Kd1 Nxa1 20. Be2) 18... Rxg7 {[%emt 0:11:48]} 19. exf6 {[%emt 0:00:41]} Rf7 {[%emt 0:00:46]} 20. Bg5 {[%emt 0:17:54]} (20. Bc3 $16 e5 21. Bxd4 (21. Rh5 Be6 $16) 21... exd4 22. Be2) 20... e5 $1 {[%emt 0:04:43]} 21. Be2 {[%emt 0:04:48]} Nxe2 {[%emt 0:01:17]} 22. Kxe2 {[%emt 0:00:01]} Be6 {[%emt 0:01:07]} 23. Ke3 {[%emt 0:17:12]} Kd7 {[%emt 0:04:51]} 24. f4 {[%emt 0:01:35]} Rg8 {[%emt 0:00:20]} 25. g3 {[%emt 0:02:26]} Kd6 {[%emt 0:32:56]} 26. fxe5+ {[%emt 0:04:59]} Kxe5 {[%emt 0:00:35]} 27. Bf4+ {[%emt 0:08:09]} Kxf6 {[%emt 0:31:37]} 28. Kd4 $11 1/2-1/2

[Event "World Chess Trophy 2018"]
[Site "Tenerife"]
[Date "2018.06.17"]
[Round "1"]
[White "Potterat, Marc"]
[Black "Steiner, Juraj"]
[Result "1-0"]
[WhiteElo "2130"]
[BlackElo "2001"]
[Annotator "TA"]
[PlyCount "91"]
[EventDate "2018.06.17"]
[EventType "swiss"]
[EventCountry "ESP"]
[SourceTitle "playchess.com"]
[Source "ChessBase"]
[SourceQuality "1"]

{[%evp 13,91,-23,-18,-33,22,16,23,13,28,-20,0,-4,0,-12,0,-6,-10,-44,-47,-146,-143,-136,-79,-137,-94,-118,-129,-132,-116,-135,0,0,0,0,15,-44,-8,-57,-58,-74,-85,-185,252,-162,-51,-51,0,0,160,145,122,74,125,0,0,-4,0,0,0,0,399,0,282,29,29,75,91,129,556,564,918,879,954,922,1224,1206,1181,1169,6514,6506]} 1. d4 Nf6 2. Nf3 e6 3. Bf4 b6 4. e3 Bb7 5. Nbd2 Be7 6. c3 Nh5 {A47: 1 d4 Nf6 2 Nf3 b6: Torre, London and Colle Systems} 7. Bg3 d6 {LiveBook: 6 Games} 8. Bb5+ Kf8 $146 (8... Nd7 $15) ({Predecessor:} 8... Nd7 9. Ne5 Nxg3 10. Bxd7+ Kf8 11. Bc6 dxe5 12. Bxb7 Nxh1 13. Qf3 Rb8 14. Nc4 exd4 {½-½ (62) Ortega,L (2475)-Dautov,R (2600) Bad Woerishofen 1998}) 9. O-O a6 10. Bd3 Nd7 11. Qc2 Nxg3 12. fxg3 g6 13. Rf2 Kg7 14. Raf1 Rf8 15. g4 c5 16. Be4 (16. h3 $15) 16... d5 $17 17. Bd3 Qc7 (17... c4 $142 18. Be2 f5) 18. Kh1 (18. c4 $142) 18... e5 {Hoping for ...e4.} 19. dxe5 c4 20. Be2 Nxe5 21. Nd4 Bh4 (21... Kg8 $17 {White must now prevent ...Bg5.} 22. Bf3 Rae8) 22. Rxf7+ $11 Qxf7 23. Rxf7+ Rxf7 24. g3 (24. N2f3 $11 Nxf3 25. gxf3 (25. Bxf3 Re8 $11) (25. Nxf3 Be7 $11)) 24... Be7 25. Kg1 Re8 26. h4 Bc8 27. g5 {[#]} (27. Qa4 $17 {keeps fighting.} b5 28. Qd1) 27... Bg4 $4 {[%mdl 8192]} (27... Bc5 $1 $19 {avoids the disaster. And now ...Ng4 would win.} 28. b4 cxb3 29. axb3 Ng4 30. Bxg4 Bxd4 31. cxd4 Bxg4) 28. Bf1 $4 {[%mdl 8192] [#]} (28. Bxg4 $18 {is the narrow road to win.} Nxg4 29. Qa4) 28... Bc5 (28... Bd6 $1 $19 29. Qb1 Nd7) 29. Bg2 $15 Rd7 (29... b5 $15) 30. Qa4 $11 Bxd4 $2 (30... Ree7 $11) 31. cxd4 $16 ({Not} 31. exd4 Nd3 $11) 31... Nd3 32. Bf3 (32. Qxa6 Rxe3 33. Qxb6 Re1+ 34. Kh2 Re2 $11) 32... Be6 (32... b5 $142 33. Qxa6 Bxf3 34. Nxf3 Rxe3) 33. Bxd5 ({Much less strong is} 33. Qxa6 $6 Nxb2 34. Qxb6 c3 $11) ({White should play} 33. e4 $16) 33... b5 $11 34. Qxa6 Bxd5 35. Qxb5 Red8 36. e4 Nc1 $2 {[%mdl 8192]} (36... Rb7 $11 37. Qa5 Rf8) 37. Qb6 $2 (37. exd5 $18 Ne2+ 38. Kg2 Rxd5 39. Qxc4 Nxd4 40. Ne4) 37... Bf7 $2 {[%mdl 8192]} (37... Re8 $1 $11) 38. Qf6+ $2 ({White must play} 38. d5 $18) 38... Kg8 39. d5 $36 {[%mdl 2048] White has strong initiative.} c3 40. bxc3 {[%cal Bb2c3,Bc3c4][%mdl 32] c4 is the strong threat.} Nxa2 $2 {[%mdl 8192]} (40... Rf8 $16 {is more resistant.}) 41. c4 $18 {White is clearly winning.} Rf8 {intending ...Bxd5.} 42. Qb2 Ra7 43. e5 Re8 44. e6 Bxe6 45. dxe6 Rxe6 46. Qb8+ {Precision: White = 28%, Black = 32%.} 1-0

[Event "World Chess Trophy 2018"]
[Site "Tenerife"]
[Date "2018.06.17"]
[Round "1"]
[White "De Rosa, Mariagrazia"]
[Black "Kohlweyer, Bernd"]
[Result "1/2-1/2"]
[WhiteElo "2120"]
[BlackElo "2345"]
[Annotator "ChessBase"]
[PlyCount "34"]
[EventDate "2018.06.17"]
[EventType "swiss"]
[EventCountry "ESP"]
[SourceTitle "playchess.com"]
[Source "ChessBase"]
[SourceQuality "1"]
[TimeControl "5400+30"]

1. e4 {[%emt 0:00:00]} c5 {[%emt 0:00:08]} 2. Nf3 {[%emt 0:00:00]} d6 {[%emt 0:00:07]} 3. d4 {[%emt 0:00:00]} cxd4 {[%emt 0:00:05]} 4. Nxd4 {[%emt 0:00:00]} Nf6 {[%emt 0:00:06]} 5. Nc3 {[%emt 0:00:08]} a6 {[%emt 0:00:06]} 6. Be3 {[%emt 0:00:22]} Nbd7 {[%emt 0:03:34]} 7. h3 {[%emt 0:05:26]} b5 {[%emt 0:16:01]} 8. a4 {[%emt 0:11:48]} bxa4 {[%emt 0:00:16]} 9. Rxa4 {[%emt 0:01:03]} Nc5 {[%emt 0:14:22]} 10. Nc6 {[%emt 0:18:09]} Qc7 {[%emt 0:00:38]} 11. Bxc5 {[%emt 0:01:49]} Qxc6 {[%emt 0:04:35]} 12. Be3 {[%emt 0:00:54]} e6 {[%emt 0:04:19]} 13. Be2 {[%emt 0:02:11]} Nd7 {[%emt 0:11:53]} 14. Qd4 {[%emt 0:08:08]} Be7 {[%emt 0:01:24]} 15. Rc4 {[%emt 0:04:06]} Qb7 {[%emt 0:00:15]} 16. Rb4 {[%emt 0:00:20]} Qc6 {[%emt 0:00:32]} 17. Rc4 {[%emt 0:00:25]} Qb7 {[%emt 0:40:39]} 1/2-1/2

[Event "World Chess Trophy 2018"]
[Site "Tenerife"]
[Date "2018.06.17"]
[Round "1"]
[White "Kraus, Oliver"]
[Black "Kosov, Alexey"]
[Result "0-1"]
[WhiteElo "2044"]
[BlackElo "2208"]
[Annotator "TA"]
[PlyCount "52"]
[EventDate "2018.06.17"]
[EventType "swiss"]
[EventCountry "ESP"]
[SourceTitle "playchess.com"]
[Source "ChessBase"]
[SourceQuality "1"]

{[%evp 17,52,52,53,31,29,-50,17,-50,-56,-53,-36,-75,-78,-191,-170,-221,-209,-206,-186,-266,-264,-274,-281,-290,-228,-297,-261,-656,-648,-652,-648,-685,-685,-671,-663,-630,-598]} 1. d4 {[%cal Bd2d4,Bd4d5][%mdl 32]} g6 2. c4 Bg7 3. Nc3 d6 4. e4 Nc6 5. Be3 e5 6. d5 Nd4 7. Nge2 Nxe2 8. Bxe2 f5 9. f3 {A42: Modern Defence: Averbakh Variation} Bh6 {LiveBook: 6 Games} 10. Bf2 Nf6 {[%cal Bg8f6,Bf6g4,Bg4h2][%mdl 32]} 11. g4 $146 ({White should try} 11. exf5 $11 Bxf5 12. O-O) ({Predecessor:} 11. O-O O-O 12. c5 Bd7 13. Qb3 b6 14. cxd6 cxd6 15. Kh1 fxe4 16. fxe4 Ng4 17. Bxg4 Bxg4 {0-1 (35) Swiatek,B (2040)-Bartel,M (2627) Trzcianka 2015}) 11... Bf4 ({Better is} 11... fxg4 $15 12. fxg4 Bf4) 12. h4 (12. gxf5 $11 gxf5 13. Rg1) 12... fxg4 $15 13. fxg4 h5 14. g5 Ng4 15. Bf3 (15. Qd3 $17) 15... O-O $19 16. Qe2 (16. Bg1 $142) 16... Rf7 17. Rd1 Nh2 18. Rxh2 (18. Rd3 {is a better defense.}) 18... Bxh2 19. Rd3 Qf8 20. Nd1 Bd7 21. Rc3 c5 22. Bxh5 $2 {[#]} (22. dxc6 bxc6 23. Kd2) 22... gxh5 {Black is clearly winning.} 23. Qxh5 Qg7 24. Be3 Qh7 25. Qxh7+ Rxh7 26. Bf2 Rf8 {Precision: White = 18%, Black = 68%.} 0-1

[Event "World Chess Trophy 2018"]
[Site "Tenerife"]
[Date "2018.06.17"]
[Round "1"]
[White "Harstad, Christian"]
[Black "Jacobs, Paul"]
[Result "1-0"]
[WhiteElo "1985"]
[BlackElo "1867"]
[Annotator "NA"]
[PlyCount "35"]
[EventDate "2018.06.17"]
[EventType "swiss"]
[EventCountry "ESP"]
[SourceTitle "playchess.com"]
[Source "ChessBase"]
[SourceQuality "1"]
[TimeControl "5400+30"]

1. d4 {[%emt 0:00:00]} d5 {[%emt 0:00:10]} 2. c4 {[%emt 0:00:00]} e6 {[%emt 0:00:08]} 3. Nc3 {[%emt 0:00:11]} Nf6 {[%emt 0:00:12]} 4. Nf3 {[%emt 0:00:31]} a6 {[%emt 0:00:13] LiveBook: 372 Games} 5. Bg5 {[%emt 0:04:05]} Be7 {[%emt 0:00:27]} 6. e3 {[%emt 0:01:21]} dxc4 {[%emt 0:01:10]} 7. Bxc4 {[%emt 0:02:05]} b5 {[%emt 0:00:11] D53: Damengambit (Hauptvariante, Abweichungen)} 8. Bd3 {[%emt 0:01:47]} Bb7 {[%emt 0:00:13]} 9. Qe2 {[%emt 0:01:50]} Nbd7 {[%emt 0:00:49]} 10. O-O {[%emt 0:04:28]} (10. e4 h6 11. Bxf6 Bxf6 12. e5 Be7 13. a4 O-O 14. O-O c5 15. axb5 Bxf3 16. Qxf3 cxd4 {½-½ (26) Indjic,A (2536)-Miladinovic,I (2556) Sarajevo 2013}) 10... O-O {[%emt 0:01:16]} 11. e4 {[%emt 0:00:43]} c5 {[%emt 0:00:12]} 12. e5 {[%emt 0:10:12]} Nd5 {[%emt 0:02:01]} 13. Qe4 {[%emt 0:08:12]} g6 {[%emt 0:00:20]} 14. Qh4 $1 {[%emt 0:04:42]} f5 $146 {[%emt 0:01:21]} ({Vorgänger:} 14... f6 15. exf6 N7xf6 16. Qh3 Bc8 17. Qh4 c4 18. Be2 Nxc3 19. bxc3 {0-1 (70) Salcedo,J (1995)-Toro Castaneda,E (1792) Guatape 2016}) 15. Nxd5 {[%emt 0:04:01]} Bxg5 {[%emt 0:02:26]} 16. Nxg5 {[%emt 0:00:47]} h5 {[%emt 0:00:15]} 17. Nf4 {[%emt 0:02:07]} Nxe5 {[%emt 0:00:42]} 18. dxe5 $18 {[%emt 0:00:34]} 1-0

[Event "World Chess Trophy 2018"]
[Site "Tenerife"]
[Date "2018.06.17"]
[Round "1"]
[White "Efremov, Vladislav"]
[Black "Franco, Victor"]
[Result "1/2-1/2"]
[WhiteElo "1968"]
[BlackElo "2126"]
[Annotator "TA"]
[PlyCount "57"]
[EventDate "2018.06.17"]
[EventType "swiss"]
[EventCountry "ESP"]
[SourceTitle "playchess.com"]
[Source "ChessBase"]
[SourceQuality "1"]

{[%evp 17,57,24,27,21,28,14,21,0,23,13,27,-27,24,-36,-32,-32,45,45,43,39,45,39,35,22,26,-8,-16,-8,-8,-9,1,0,7,-18,-18,-27,-15,-15,-15,-15,-16,-16]} 1. d4 d5 2. c4 e6 3. Nf3 c6 4. Nbd2 {[%cal Bb1d2,Bd2f3,Bf3e5][%mdl 32]} f5 5. g3 Nf6 6. Bg2 Bd6 7. Ne5 {A90: Dutch Defence: Miscellaneous and Modern Stonewall (with ...Bd6)} Nbd7 (7... O-O 8. O-O b6 9. Ndf3 Ne4 10. Bf4 Qe7 11. Rc1 Bb7 12. Nd3 Bxf4 13. gxf4 Nd7 14. Nfe5 Nxe5 15. Nxe5 c5 16. cxd5 Bxd5 17. dxc5 bxc5 {½-½ (31) Yilmaz,M (2619)-Adhiban,B (2650) Reykjavik 2018}) 8. Ndf3 O-O 9. O-O Ne4 {LiveBook: 13 Games} 10. Nxd7 Bxd7 11. b3 $146 ({Predecessor:} 11. Ne5 Be7 12. f3 Nd6 13. Qc2 Bf6 14. b3 Nf7 15. Bb2 Bg5 16. e4 Nxe5 17. dxe5 fxe4 18. fxe4 {0-1 (52) Kocur,M (1960)-Martinez Ramon,S (2075) Berkshire 2006}) 11... Be8 12. Bb2 f4 {[%cal Rf4g3]} 13. Ne5 Bh5 14. Qd3 (14. f3 $142 Ng5 15. g4) 14... Ng5 (14... Bxe5 $142 15. dxe5 Bg6 16. gxf4 Nxf2) 15. Bc1 (15. f3 $11) 15... Bxe5 $1 $15 16. dxe5 Bg6 (16... Bxe2 $1 $15 17. Qxe2 f3) 17. Qd4 $14 fxg3 18. hxg3 Ne4 19. Ba3 Rf7 20. cxd5 cxd5 21. Rad1 Qa5 22. Qb4 Qxb4 23. Bxb4 Rc8 24. Bxe4 Bxe4 25. Rc1 Rfc7 26. Ba3 Rc2 27. f3 {The position is equal.} Bg6 28. Rxc2 Rxc2 29. Rc1 {Precision: White = 48%, Black = 33%.} 1/2-1/2

[Event "World Chess Trophy 2018"]
[Site "Tenerife"]
[Date "2018.06.17"]
[Round "1"]
[White "Rutherford, William"]
[Black "Cova, Ennio"]
[Result "1-0"]
[WhiteElo "1959"]
[BlackElo "1640"]
[Annotator "NA RC"]
[PlyCount "61"]
[EventDate "2018.06.17"]
[EventType "swiss"]
[EventCountry "ESP"]
[SourceTitle "playchess.com"]
[Source "ChessBase"]
[SourceQuality "1"]
[TimeControl "5400+30"]

{[%evp 9,61,0,32767,32767,20,32767,48,32767,32767,32767,47,32767,18,32767,0,32767,32767,32767,29,31,25,8,32767,32767,32767,32767,32767,32767,62,79,81,74,71,71,114,110,109,32767,32767,32767,32767,32767,32767,32767,245,251,438,472,789,848,1323,1197,1220,1272]} 1. d4 {[%emt 0:00:00]} Nf6 {[%emt 0:00:09]} 2. Bf4 {[%emt 0:00:05]} e6 {[%emt 0:02:06]} 3. e3 {[%emt 0:01:04]} Be7 {[%emt 0:05:16]} 4. Bd3 {[%emt 0:05:29]} b6 {[%emt 0:04:12]} 5. Nf3 {[%emt 0:04:15]} Bb7 {[%emt 0:00:19]} 6. c4 {[%emt 0:02:02] A47: Damenindisch (ohne c2-c4)} (6. h3 O-O 7. Nbd2 c5 8. c3 cxd4 9. exd4 d6 10. O-O Nbd7 11. Re1 Re8 12. Bh2 a6 13. a4 Nf8 14. Ng5 Qd7 15. Qe2 Bc6 16. Bxa6 Bxa4 17. Bd3 Bc6 18. Nc4 {1-0 (82) Giri,A (2755)-Tomashevsky,E (2731) Moscow 2016}) 6... d6 {[%emt 0:01:29]} 7. Nc3 {[%emt 0:00:31]} Nbd7 {[%emt 0:00:57]} 8. h3 {[%emt 0:04:15]} O-O {[%emt 0:08:16]} 9. O-O {[%emt 0:00:19]} Re8 {[%emt 0:08:42]} 10. e4 {[%emt 0:06:10]} e5 {[%emt 0:10:51]} 11. Be3 $146 {[%emt 0:06:33]} ({Vorgänger:} 11. dxe5 dxe5 12. Bg5 {½-½ (67) Bublei,P (2354)-Krapivin,A (2443) Moscow 2015}) 11... exd4 $1 {[%emt 0:04:49]} 12. Nxd4 {[%emt 0:01:49]} Bf8 {[%emt 0:01:57]} 13. f3 {[%emt 0:01:15]} a6 {[%emt 0:05:50]} 14. Qd2 {[%emt 0:01:48]} g6 {[%emt 0:08:00]} 15. Rfe1 {[%emt 0:03:38]} Bg7 {[%emt 0:00:35]} 16. Rad1 {[%emt 0:00:43]} Rc8 {[%emt 0:05:15]} 17. Bc2 {[%emt 0:02:33]} Ne5 {[%emt 0:01:27]} 18. b3 {[%emt 0:01:17]} Nc6 {[%emt 0:03:05]} 19. Nde2 {[%emt 0:03:20]} Ne5 {[%emt 0:04:46]} 20. Nf4 {[%emt 0:04:46]} Nfd7 {[%emt 0:03:42]} 21. Nfd5 {[%emt 0:00:58]} Nc5 {[%emt 0:04:05]} (21... c6 $14) 22. Bg5 {[%emt 0:02:39]} f6 {[%emt 0:00:47]} 23. Bh4 {[%emt 0:03:14]} g5 {[%emt 0:03:06]} 24. Bf2 {[%emt 0:01:30]} Ne6 {[%emt 0:00:26]} 25. Ne2 {[%emt 0:00:58]} Bxd5 {[%emt 0:01:13]} 26. exd5 {[%emt 0:04:16]} Nf8 {[%emt 0:00:33]} 27. Nd4 {[%emt 0:01:40]} c5 $2 {[%emt 0:04:50]} (27... a5 28. g3 Ra8) 28. dxc6 {[%emt 0:02:50]} Nxc6 $18 {[%emt 0:00:37]} (28... Qc7 $142 29. Nf5 Rcd8 30. Qd5+ Kh8) 29. Nxc6 {[%emt 0:00:12]} Rxe1+ {[%emt 0:00:37]} 30. Rxe1 {[%emt 0:00:12]} Rxc6 {[%emt 0:00:12]} 31. Qd5+ {[%emt 0:00:06]} 1-0

[Event "World Chess Trophy 2018"]
[Site "Tenerife"]
[Date "2018.06.17"]
[Round "1"]
[White "Heimbaecher, Peter"]
[Black "Aledo Yanguas, David"]
[Result "0-1"]
[WhiteElo "1758"]
[BlackElo "1986"]
[Annotator "NA RC"]
[PlyCount "85"]
[EventDate "2018.06.17"]
[EventType "swiss"]
[EventCountry "ESP"]
[SourceTitle "playchess.com"]
[Source "ChessBase"]
[SourceQuality "1"]
[TimeControl "5400+30"]

{[%evp 21,84,-28,32767,8,32767,32767,-11,-37,32767,32767,32767,0,8,0,32767,32767,32767,0,32767,32767,40,22,45,28,93,32767,32767,32767,41,11,31,37,35,32767,32767,32767,32767,-11,0,-534,-590,-704,-804,-741,-160,-744,-600,-800,-421,-416,-449,-425,-470,-520,-477,-514,32767,-509,-690,-614,32767,-713,-902,-29991,-29992]} 1. e4 {[%emt 0:01:16]} e6 {[%emt 0:00:05]} 2. g3 {[%emt 0:00:43]} d5 {[%emt 0:00:06]} 3. exd5 {[%emt 0:00:20] C00: French: Unusual White 2nd moves} (3. Bg2 dxe4 4. Bxe4 Nf6 5. Bg2 Bd7 6. Nf3 Bc6 7. O-O g6 8. d4 Bg7 9. c4 O-O 10. Nc3 Ne4 11. Re1 Nxc3 12. bxc3 {1-0 (32) Artemiev,V (2691)-Ivanchuk,V (2726) Huaian 2017}) 3... exd5 {[%emt 0:00:09]} 4. Bg2 {[%emt 0:00:09]} Nf6 {[%emt 0:00:20]} 5. Qe2+ {[%emt 0:00:49]} Be7 {[%emt 0:00:43]} 6. d4 {[%emt 0:01:02]} O-O {[%emt 0:00:09]} 7. Be3 $146 {[%emt 0:00:47]} ({Predecessor:} 7. Nf3 b6 8. b3 Ba6 9. c4 dxc4 10. bxc4 Bb4+ {0-1 (19) Jacob,T (1651)-Dorsch,A (2042) Leipzig 2011}) 7... Re8 {[%emt 0:00:58]} 8. Nf3 {[%emt 0:01:59]} Bg4 {[%emt 0:01:01]} 9. h3 {[%emt 0:00:42]} Bh5 {[%emt 0:03:28]} 10. g4 {[%emt 0:00:28]} Bg6 {[%emt 0:00:27]} 11. Ne5 {[%emt 0:03:14]} Bd6 {[%emt 0:02:04]} 12. Nxg6 {[%emt 0:00:53]} hxg6 {[%emt 0:00:09]} 13. Nd2 {[%emt 0:03:26]} c5 {[%emt 0:01:57]} 14. Nb3 {[%emt 0:03:50]} cxd4 {[%emt 0:01:18]} 15. Nxd4 {[%emt 0:00:12]} Nc6 {[%emt 0:01:13]} 16. O-O-O {[%emt 0:07:55]} Nxd4 {[%emt 0:02:06]} 17. Rxd4 {[%emt 0:00:04]} Bc5 {[%emt 0:00:21]} 18. Rd3 {[%emt 0:10:45]} Qa5 {[%emt 0:00:34]} 19. Kb1 {[%emt 0:11:01]} Qb5 {[%emt 0:12:24]} 20. Qd1 {[%emt 0:05:04]} Bxe3 {[%emt 0:02:02]} 21. fxe3 {[%emt 0:01:07]} Re5 {[%emt 0:01:30]} 22. h4 {[%emt 0:02:34]} Rd8 {[%emt 0:07:16]} ({Black should try} 22... Rae8 $14) 23. Rf1 {[%emt 0:03:36]} Ne4 {[%emt 0:01:06]} 24. Rf4 {[%emt 0:07:09]} Qe8 {[%emt 0:06:52]} 25. Qh1 {[%emt 0:08:00]} Nf6 {[%emt 0:04:44]} 26. g5 {[%emt 0:04:05]} Nh5 {[%emt 0:06:53]} ({Ein No Go ist} 26... Rxe3 $6 27. Rxe3 Qxe3 28. Rf3 $16) 27. Rf3 {[%emt 0:02:03]} d4 {[%emt 0:01:03]} 28. Qc1 {[%emt 0:07:20]} dxe3 {[%emt 0:00:36]} 29. Rfxe3 {[%emt 0:04:09]} Rxd3 {[%emt 0:03:33]} 30. Rxd3 $4 {[%emt 0:00:17] [#]} (30. Rxe5 $11 {and White stays safe.} Qxe5 31. cxd3) 30... Nf4 $1 {[%emt 0:00:21]} 31. Qxf4 {[%emt 0:04:00]} Re1+ {[%emt 0:00:06]} 32. Qc1 {[%emt 0:00:11]} Rxc1+ {[%emt 0:00:03]} 33. Kxc1 {[%emt 0:00:10]} Qe1+ {[%emt 0:00:02]} 34. Rd1 {[%emt 0:00:16]} Qxh4 {[%emt 0:00:49]} 35. Bxb7 {[%emt 0:00:28]} Qxg5+ {[%emt 0:00:15]} 36. Kb1 {[%emt 0:00:04]} f5 {[%emt 0:00:43]} 37. c4 {[%emt 0:01:13]} f4 {[%emt 0:00:53]} 38. Bd5+ {[%emt 0:00:13]} Kf8 {[%emt 0:00:09]} 39. b4 {[%emt 0:02:01]} Qf5+ {[%emt 0:00:59]} 40. Kb2 {[%emt 0:00:04]} f3 {[%emt 0:00:36]} 41. Rf1 {[%emt 0:00:54]} f2 {[%emt 0:00:25]} 42. Kc3 {[%emt 0:00:35]} Qh3+ {[%emt 0:00:15]} 43. Kd4 {[%emt 0:06:22]} 0-1

[Event "World Chess Trophy 2018"]
[Site "Tenerife"]
[Date "2018.06.17"]
[Round "1"]
[White "Mamani Beltran, Deniman"]
[Black "Ciampi, Vincenzo"]
[Result "0-1"]
[WhiteElo "1656"]
[BlackElo "1959"]
[Annotator "NA RC"]
[PlyCount "42"]
[EventDate "2018.06.17"]
[EventType "swiss"]
[EventCountry "ESP"]
[SourceTitle "playchess.com"]
[Source "ChessBase"]
[SourceQuality "1"]
[TimeControl "5400+30"]

1. e4 {[%emt 0:14:27]} c6 {[%emt 0:01:43]} 2. d4 {[%emt 0:00:13]} d5 {[%emt 0:00:08]} 3. Nc3 {[%emt 0:00:07]} dxe4 {[%emt 0:00:06]} 4. Nxe4 {[%emt 0:00:17]} Nf6 {[%emt 0:00:14]} 5. Ng5 {[%emt 0:00:11]} h6 {[%emt 0:00:31]} 6. N5f3 {[%emt 0:00:07]} Bf5 {[%emt 0:01:48]} 7. Bc4 {[%emt 0:00:14] B15: Caro-Kann: 3 Nc3: 3...g6 and 3...dxe4 4 Nxe4 Nf6 5 Nxf6+ exf6} e6 {[%emt 0:00:37]} (7... Nbd7 8. Ne2 e6 9. Ng3 Bh7 10. O-O Be7 11. Bd3 Bxd3 12. Qxd3 O-O 13. Rd1 Rc8 14. Qe2 Qa5 {½-½ (34) Sukandar,I (2387)-Blohberger,F (2367) Villorba 2018}) 8. Ne2 {[%emt 0:00:58]} Bd6 {[%emt 0:03:00]} 9. O-O {[%emt 0:01:20]} Qc7 {[%emt 0:00:34]} 10. h3 $146 {[%emt 0:01:06]} ({Predecessor:} 10. Ng3 Bh7 11. Re1 O-O 12. Be3 Nbd7 13. Qd2 Ng4 14. h3 Nxe3 15. Qxe3 Bxg3 16. fxg3 Qxg3 17. Bxe6 fxe6 18. Qxe6+ {0-1 (23) Berne,C-Taunay,J Lyon 1999}) 10... Nbd7 {[%emt 0:00:25]} 11. Be3 {[%emt 0:00:22]} g5 {[%emt 0:02:41]} 12. Qd2 {[%emt 0:05:57]} g4 {[%emt 0:09:53]} 13. Nh4 {[%emt 0:00:15]} gxh3 {[%emt 0:03:04]} 14. g3 {[%emt 0:00:15]} Ne4 {[%emt 0:04:25]} 15. Qe1 {[%emt 0:00:40]} O-O-O {[%emt 0:14:49]} 16. Kh2 {[%emt 0:03:20]} (16. Nxf5 $17 exf5 17. Bxf7) 16... Ndf6 {[%emt 0:01:14]} 17. Nxf5 {[%emt 0:01:06]} exf5 {[%emt 0:53:48]} 18. Bxf7 $2 {[%emt 0:00:15]} (18. Nc3) 18... Qxf7 {[%emt 0:00:00]} 19. Kxh3 {[%emt 0:00:23]} Ng5+ {[%emt 0:00:00]} 20. Kg2 {[%emt 0:02:17]} Ng4 $19 {[%emt 0:00:00]} 21. Qa5 {[%emt 0:01:02]} Qh5 {[%emt 0:00:00]} 0-1